College Quizbowl Stats
College Quizbowl Stats
Circuits
Seasons
Sets
Records
Detailed Stats
About
Loading...
Northeast
Tossups
Bonuses
Players
Teams
Categories (Tossup)
Categories (Bonus)
Mitchell Peran
Ohio State C
Categories
Category
Powers
Gets
Negs
BBs
Points
Earliest Buzz
Avg. Buzz
First Buzzes
Top 3 Buzzes
BPA
PVF
Fine Arts - Other
0
1
0
0
10
123
123.00
0
1
0.00
0.00
History - Other
0
1
0
0
10
131
131.00
0
0
0.00
0.00
Current Events
0
0
1
0
-5
0.00
0
0
0.00
0.00
History - American
0
0
1
0
-5
0.00
0
0
0.00
0.00
Buzzes
Category
Answer
Value
Buzz Position
Current Events
Tim Walz
-5
38
History - American
Rhode Island
-5
73
Fine Arts - Other
Guys and Dolls
10
123
History - Other
Babylon
10
131
Previous
1
Next